000 00346nam a22001337a 4500
999 _c7750
_d7748
005 20210324133932.0
008 210324b ||||| |||| 00| 0 eng d
041 _aeng
100 _aUNIVERSITY GRANT COMMISSION
_96505
245 _aQUALITY MANDATE FOR HIGHER EDUCATIONS IN INDIA
260 _aNEW DELHI
_bUGC
_c2021
300 _a265,p
942 _cBK